Statistics for 宮崎県の市町村 (2000年)

Click here to take the quiz!

General Stats

  • This quiz has been taken 24 times
    (12 since last reset)
  • The average score is 36 of 44

Answers on the Map

Answers color-coded by a green-red scale on the quiz's map according to % correct below.
 

Answer Stats

ヒント市町村名% Correct
児湯郡都農町つのちょう
100%
延岡市のべおかし
100%
日南市にちなんし
100%
日向市ひゅうがし
100%
串間市くしまし
100%
都城市みやこのじょうし
100%
宮崎市みやざきし
89%
東臼杵郡東郷町とうごうちょう
89%
児湯郡西米良村にしめらそん
89%
児湯郡新富町しんとみちょう
89%
東臼杵郡南郷村なんごうそん
89%
東諸県郡綾町あやちょう
89%
西諸県郡高原町たかはるちょう
89%
北諸県郡高崎町たかざきちょう
89%
東臼杵郡北川町きたがわちょう
89%
東臼杵郡門川町かどがわちょう
89%
南那珂郡南郷町なんごうちょう
89%
西臼杵郡高千穂町たかちほちょう
89%
宮崎郡佐土原町さどわらちょう
89%
西臼杵郡日之影町ひのかげちょう
89%
宮崎郡清武町きよたけちょう
89%
えびの
89%
西都市さいとし
89%
小林市こばやしし
89%
東臼杵郡北浦町きたうらちょう
78%
東臼杵郡椎葉村しいばそん
78%
東臼杵郡北方町きたかたちょう
78%
東臼杵郡北郷村きたごうそん
78%
東臼杵郡西郷村さいごうそん
78%
東臼杵郡諸塚村もろつかそん
78%
西臼杵郡五ヶ瀬町ごかせちょう
78%
児湯郡川南町かわみなみちょう
78%
児湯郡木城町きじょうちょう
78%
児湯郡高鍋町たかなべちょう
78%
東諸県郡国富町くにとみちょう
78%
西諸県郡須木村すきそん
78%
北諸県郡三股町みまたちょう
78%
南那珂郡北郷町きたごうちょう
78%
北諸県郡山之口町やまのくちちょう
67%
宮崎郡田野町たのちょう
67%
東諸県郡高岡町たかおかちょう
67%
北諸県郡高城町たかじょうちょう
56%
西諸県郡野尻町のじりちょう
44%
北諸県郡山田町やまだちょう
44%

Score Distribution

Percentile by Number Answered

Percent of People with Each Score

Your Score History

You have not taken this quiz since the last reset